000 01512cam a22004694i 4500
003 PE-LiUPU
005 20250731173004.0
008 150623s r 000 0 d
020 _a0891072179
035 _a(Sirsi) i9780891072171
040 _aPE-LiUPU
_bspa
_cPE-LiUPU
_erda
049 _aPRUA
082 0 4 _a233
_bM12
_221
100 1 _aMcDonald, H. D.,
_eautor.
245 1 4 _aThe christian view of man /
_cH.D. McDonald.
264 1 _aWestchester, Illinois :
_bCrossway Books,
_c1985.
300 _a149 páginas ;
_c22 centímetros
336 _atext
_2rdacontent
337 _aunmediated
_2rdamedia
338 _avolume
_2rdacarrier
490 0 _aFoundations for faith
504 _aIncluye bibliografía.
505 0 _aThe biblical presentation. -Historical formulations. -Later declarations.
526 _aSEG42
526 _aSEG41
526 _aSEG40
526 _aSEG39
526 _aP94
526 _aP87
526 _aP86
526 _aP85
526 _aP77
526 _aP76
526 _aP35
650 0 4 _aAntropología teológica
_xCristianismo.
_93787
942 _2ddc
_cBOOK
949 _a233 M12
_wDEWEY
_c1
_i45642
_lCCODEBUL1
_mBUL
_r0
_sY
_tBOOK
_u2015-6-24
_xTEOLOGIA
_PP35
_0COMPRA
_o.STAFF. Colección General
994 _aC0
_bPEPRU
596 _a1
999 _a233 M12
_wDEWEY
_c22515
_i45642
_f2021-11-10
_g5
_lCCODEBUL1
_mBUL
_r0
_sY
_tBOOK
_u2015-6-24
_xTEOLOGIA
_PP35
_0COMPRA
_o.STAFF. Colección General
_d22515
980 _81
_gALBERTO SANCHEZ Responsable de Automatización